| 000 | 00908nam a2200241 4500 | ||
|---|---|---|---|
| 003 | CO-ViMGA | ||
| 020 | _a9789587803013 | ||
| 040 |
_aCO-ViMGA _bspa _cCO-ViMGA |
||
| 090 | _aC ROD1 | ||
| 100 | 1 |
_aRodari, Gianni, _d1920-1980 _91516 |
|
| 245 | 1 | 0 |
_aEl camino que no iba a ninguna parte / _cGianni Rodari, Xavie Salomó ; traducido del italiano por Marinella Terzi |
| 260 |
_aBogotá : _bSM |
||
| 300 |
_a[26] páginas sin numerar : _bilustraciones en color ; 34 cm. |
||
| 490 | _aPlan Nacional de Lectura y Escritura Leer es mi Cuento / Ministerio de Cultura | ||
| 500 | _aDe 2 A 4 Años | ||
| 650 | 1 | 4 |
_aCuentos Infantiles Italianos - Siglo Xx _97896 |
| 650 | 1 | 4 |
_aFantasia En La Literatura / _94382 |
| 650 | 1 | 4 |
_aLiteratura Infantil Italiana - Siglo Xx _97897 |
| 650 | 1 | 4 |
_aNiños En La Literatura _97898 |
| 700 | 1 |
_aSalomó, Xavier _97899 |
|
| 700 | 1 |
_aTerzi, Marinella _eTr. _97900 |
|
| 942 |
_2ddc _cBK |
||
| 999 |
_c7709 _d7709 |
||